Baby Names: 'E' Girl Names by Decade Quiz Stats

Quiz Updated Apr 14, 2017

Challenge
Share
Tweet
Embed
Score 0/65 Timer 08:00
2 Plays Today
Decade Name % Correct
1880sEmma
90.8%
1890sEmma
90.8%
1900sEmma
90.8%
1990sEmma
90.8%
2000sEmma
90.8%
1970sEmily
87%
1980sEmily
87%
1990sEmily
87%
2000sEmily
87%
1880sElizabeth
84.4%
2000sElizabeth
84.4%
1890sElizabeth
84.4%
1900sElizabeth
84.4%
1910sElizabeth
84.4%
1920sElizabeth
84.4%
1930sElizabeth
84.4%
1940sElizabeth
84.4%
1950sElizabeth
84.4%
1960sElizabeth
84.4%
1970sElizabeth
84.4%
1980sElizabeth
84.4%
1990sElizabeth
84.4%
1880sElla
71.8%
2000sElla
71.8%
1940sEllen
68.3%
1950sEllen
68.3%
1960sEllen
68.3%
1910sEvelyn
61%
1920sEvelyn
61%
1930sEvelyn
61%
1940sEvelyn
61%
1950sEvelyn
61%
1960sEvelyn
61%
Decade Name % Correct
2000sEvelyn
61%
1970sErin
60.8%
1980sErin
60.7%
1990sErin
60.7%
1970sErica
56.9%
1980sErica
56.9%
1990sErica
56.9%
1920sEleanor
55.4%
1930sEleanor
55.4%
1890sEdith
55.2%
1900sEdith
55.2%
1910sEdith
55.2%
1920sEdith
55.2%
1880sEdna
53%
1890sEdna
53%
1900sEdna
53%
1910sEdna
53%
1920sEdna
53%
1930sEdna
53%
1880sEthel
46.8%
1890sEthel
46.7%
1900sEthel
46.8%
1910sEthel
46.7%
1930sElaine
46.5%
1940sElaine
46.5%
1950sElaine
46.5%
1960sElaine
46.5%
1940sEileen
38.4%
1950sEileen
38.4%
1960sEileen
38.4%
1970sErika
37.5%
1980sErika
37.5%

You're not logged in!

Compare scores with friends on all Sporcle quizzes.
Sign Up with Email
OR
Log In

You Might Also Like...

Show Comments

Extras

Top Quizzes Today


Score Distribution

Your Account Isn't Verified!

In order to create a playlist on Sporcle, you need to verify the email address you used during registration. Go to your Sporcle Settings to finish the process.